[Event "Bengaluru Karnataka op"]
[Site "Bengaluru"]
[Date "2018.04.16"]
[Round "6"]
[White "Adarsh, Narayanan"]
[Black "Raju, M."]
[Result "0-1"]
[WhiteElo "1299"]
[BlackElo "1799"]
[PlyCount "108"]
[EventDate "2018.04.14"]
[EventType "swiss"]
[EventRounds "10"]
[EventCountry "IND"]
[SourceTitle "CBM 184 Extra"]
[Source "ChessBase"]
[SourceDate "2018.06.28"]
[SourceVersion "1"]
[SourceVersionDate "2018.06.28"]
[SourceQuality "1"]

1. e4 c5 2. Nf3 e6 3. d4 cxd4 4. Nxd4 Nf6 5. Nc3 Bb4 6. f3 Nc6 7. Be3 0-0 8. Qd2 d5 9. Nxc6 bxc6 10. a3 Ba5 11. b4 Bb6 12. Bg5 Bc7 13. Rd1 h6 14. Bh4 Bd6 15. f4 Nxe4 16. Bxd8 Nxd2 17. Bh4 Nxf1 18. Rxf1 a5 19. Na2 axb4 20. Nxb4 c5 21. Nd3 Rxa3 22. Ne5 g5 23. Bg3 gxf4 24. Bxf4 Bxe5 25. Bxe5 Re3+ 26. Kf2 Rxe5 27. Kg1 Ba6 28. Rf2 Re2 29. Rxe2 Bxe2 30. Rd2 Bc4 31. Kf2 e5 32. c3 Ra8 33. h3 Ra2 34. Rxa2 Bxa2 35. Ke3 f5 36. g3 Kf7 37. g4 f4+ 38. Kf3 Bb1 39. h4 Be4+ 40. Kf2 Ke6 41. Ke2 Kd6 42. c4 dxc4 43. Kd2 Kd5 44. g5 hxg5 45. hxg5 Kd4 46. Ke2 c3 47. g6 Bxg6 48. Kd1 f3 49. Ke1 c2 50. Kd2 f2 51. Kc1 f1Q+ 52. Kb2 Qb1+ 53. Ka3 Kc4 54. Ka4 Qb4# 0-1